000 01652cam a22004454i 4500
003 PE-LiUPU
005 20250731173448.0
008 150616s r 000 0 d
035 _a(Sirsi) a6035
040 _aPE-LiUPU
_bspa
_cPE-LiUPU
_erda
049 _aPRUA
082 0 4 _a291.042
_bR54
_221
100 1 _aRichepin, Jean,
_eautor.
245 1 0 _aNouvelle Mythologie Asiatique Illustrée.
264 1 _aParís :
_bOffice Central D`editions et de Librairie,
_c1931.
300 _a431 páginas :
_bIlustraciones ;
_c34 cm.
336 _atext
_2rdacontent
337 _aunmediated
_2rdamedia
338 _avolume
_2rdacarrier
505 0 _aMythologie de la Perse.- Mythologie des Kafirs.- Mythologie du Bouddhisme dans l`Inde.- Mythologie brahmanique.- Mythologie du Lamaïsme.- Mythologie Indochinoise et javanaise.- Mythologie du Bouddhisme en Asie Centrale.- Mythologie de la Chine Moderne.
526 _aSEG42
526 _aSEG41
526 _aSEG40
526 _aSEG39
526 _aP94
526 _aP87
526 _aP86
526 _aP85
526 _aP77
526 _aP76
526 _aP35
650 0 4 _aMITOLOGIA ASIATICA.
910 _ajck
_bjvq
_cjck
942 _2ddc
_cBOOK
949 _a291.042 R54
_wDEWEY
_c1
_i31656
_lCCODEBUL1
_mBUL
_p00.00
_r0
_sY
_tBOOK
_u19951002
_xTEOLOGIA
_zUNKNOWN
_0COMPRA
_o.STAFF. Colección General
994 _aC0
_bPEPRU
596 _a1
999 _a291.042 R54
_wDEWEY
_c57126
_i31656
_f2021-11-12
_g5
_lCCODEBUL1
_mBUL
_r0
_sY
_tBOOK
_u2015-6-16
_xTEOLOGIA
_zUNKNOWN
_0COMPRA
_o.STAFF. Colección General
_d57126
980 _81
_gALBERTO SANCHEZ Responsable de Automatización